Apuntes de hermenéutica
Bewaard in:
| Hoofdauteurs: | , |
|---|---|
| Formaat: | Boek |
| Taal: | Spaans |
| Gepubliceerd in: |
Madrid
Trotta
1997
|
| Editie: | 2a. ed |
| Reeks: | Colección Estructuras y Procesos. Serie Religión
|
| Onderwerpen: | |
| Tags: |
Voeg label toe
Geen labels, Wees de eerste die dit record labelt!
|
MARC
| LEADER | 00000nam a2200000 a 4500 | ||
|---|---|---|---|
| 001 | UCN2772 | ||
| 003 | CL-VaPUC | ||
| 008 | 010608e19970000SP |||||||||||||||||spa|d | ||
| 082 | 0 | 4 | |a 220.601 |b ALO |2 21 |
| 100 | |a Alonso Schökel, Luis |e autor |9 591055 | ||
| 700 | 0 | |a Bravo Aragón, José María |e author |9 458919 | |
| 245 | 1 | 0 | |a Apuntes de hermenéutica |
| 250 | |a 2a. ed | ||
| 300 | |a 169 p | ||
| 942 | |c BK | ||
| 945 | |d 20010608 00:00:00 |a vberengu | ||
| 260 | |a Madrid |b Trotta |c 1997 | ||
| 650 | 0 | |a Biblia |9 257603 | |
| 650 | 0 | |a Textos sagrados |9 257605 | |
| 650 | 0 | |a Crítica e interpretación |9 255042 | |
| 650 | 0 | |a Hermenéutica |9 269473 | |
| 583 | |a last modification |c 20170628 01:09:22 |k Rodrigo Vera | ||
| 490 | 0 | |a Colección Estructuras y Procesos. Serie Religión | |
| 999 | |c 295810 |d 295808 | ||
| 952 | |0 0 |1 0 |4 0 |6 220_601000000000000_ALO_1997 |7 0 |8 A |9 349168 |a BIBTEO |b BIBTEO |d 2019-11-20 |i 3715795 |o 220.601 ALO 1997 |p 3715795 |r 2025-01-17 |w 2019-11-20 |y BK |k ICR | ||